000
00211 a2200097 4500
001
11220
100
_a
Vali, F.
245
_a
Politics of the Indian oceen Region
260
_a
_b
Preager
_c
090
_c
8772
_d
8772
942
_a
NUST-CAE
_c
M
_c
35569
999
_c
246293
_d
246293